01518cam a2200265 a 450000100100000000500170001000800410002704000300006808200190009810000520011724501280016926000940029730000270039149000240041849000300044250400420047250504360051465000220095065000320097265000170100483000600102191000340108195201220111599900150123700000577920240514073716.0830126s1965 uy b f001 0 spa  aDO-SdBNPcDLCdDLCdOCoLC a199.895bV393e1 aVázquez y Vega, Prudencio,d1853-1883.91635210aEscritos filosóficos /cPrudencio Vázquez y vega ; selección de Arturo Ardao ; prólogo de Sergio Pittaluga Stewart. aMontevideo, Uruguay :bMinisterio de Instrucción Pública y Previsión Social,c1965. axxii, 228 p. ;c20 cm.1 aBiblioteca Artigas.1 aClásicos uruguayosv93. aIncluye referencias bibliográficas.0 aBiografía - Criterio de la edición - El derecho - La Humanidad - La filosofía en la época actual - Un pedazo de Caos - El dogmatismo empírico del Dr. Jurkowski - Una cuestión de política morales - Crítica de la evolucionista moral - Dominios de la Psicología y de la moral - Programa del Aula de Filosofía del Ateneo del Uruguay, año 1878 - Programa del Aula de Filosofía del Ateneo del Uruguay, año 1897. 0aFilosofía 9813 4aFilosofía uruguaya916353 0aÉtica9509 0aBiblioteca Artigas.pclásicos uruguayos ;v93.916286 aCatalogación por copia / LC 001052708MOaGRbGRcCTd2009-08-22iLF1l0o199.895 V393ep5779-10r2020-06-25w2020-06-25y2ZPréstamo interno c5575d5575